Statistics for Countries that Recognize Taiwan

Click here to take the quiz!

General Stats

  • This quiz has been taken 175 times
  • The average score is 8 of 22

Answer Stats

Hint Answer % Correct
Nauru
54%
Palau
53%
Tuvalu
48%
Marshall Islands
47%
Panama
45%
Kiribati
44%
Solomon Islands
44%
Belize
42%
Nicaragua
41%
Guatemala
40%
El Salvador
40%
Honduras
39%
Holy See
37%
Haiti
36%
Saint Kitts and Nevis
31%
Dominican Republic
29%
Saint Lucia
28%
Paraguay
22%
Swaziland
20%
Burkina Faso
12%
São Tomé and Príncipe
5%
Saint Vincent and the Grenadines
4%

Score Distribution

Percentile by Number Answered

Percent of People with Each Score

Your Score History

You have not taken this quiz